Food Begining With S - Statistics

General Stats
  • This quiz has been taken 873 times
  • The average score is 10 of 15
Answer Stats
Hint Answer % Correct
a type of pink fish, smoked____________ salmon
93%
a type of berry strawberry
89%
you put it in your tea sugar
88%
japanese speciality sushi
80%
it can have tomato, cucumber and lettuce in it salad
74%
a fish bought in a can, "packed like ________" sardines
74%
you can put it on chips or pretzels salt
66%
Chinese sauce Soy soy sauce
66%
a type of potato sweet potato
65%
a type of corn sweetcorn
62%
often found in the ocean or at the beachand wrapped around (above) seaweed
55%
__________ and mash sausages
38%
they are like raisins sultanas
36%
a drink that is usually diluted such as robinsons squash
33%
a type of seeds Sunflower Sesame sesame seeds
31%
No matching quizzes found
Score Distribution
Percent of People with Each Score
Percentile by Number Answered
Your Score History
You have not taken this quiz